Middle class in the post communist countries - case of the Slovak Republic

Definícia strednej vrstvy obyvateľstva v post-komunistických krajinách - na príklade Slovenska. Ekonomický rast a stredná vrstva.

Salvato in:
Dettagli Bibliografici
Autore principale: Domonkos, Tomáš
Altri autori: König, Brian, 1983-, Ostrihoň, Filip
Natura: Capitolo di libro
Lingua:inglese
Soggetti:
Tags: Aggiungi Tag
Nessun Tag, puoi essere il primo ad aggiungerne!!

MARC

LEADER 00000naa$a2200000$$$4500
001 0217251
005 20240502073618.5
041 0 |a eng 
044 |a SK 
245 1 0 |a Middle class in the post communist countries - case of the Slovak Republic  |c Tomáš Domonkos, Brian König, Filip Ostrihoň 
520 |a Definícia strednej vrstvy obyvateľstva v post-komunistických krajinách - na príklade Slovenska. Ekonomický rast a stredná vrstva. 
610 2 0 |a triedy a vrstvy 
610 2 0 |a Slovensko 
610 2 0 |a rozvoj hospodársky 
610 2 0 |a príjmy obyvateľstva 
610 2 0 |a chudoba 
100 1 |a Domonkos, Tomáš 
700 1 |a König, Brian, 1983- 
700 1 |a Ostrihoň, Filip